Behind the burqa : (Record no. 549895)
[ view plain ]
| 000 -LEADER | |
|---|---|
| fixed length control field | 02178mam a22001934a 4500 |
| 020 ## - INTERNATIONAL STANDARD BOOK NUMBER | |
| International Standard Book Number | 0471263893 (cloth) |
| 082 00 - DEWEY DECIMAL CLASSIFICATION NUMBER | |
| Classification number | 958.10482 |
| Author Mark | YAS |
| -- | N-01, P-146 |
| 100 1# - MAIN ENTRY--PERSONAL NAME | |
| Personal name | Yasgur, Batya Swift. |
| 9 (RLIN) | 46595 |
| 245 10 - TITLE STATEMENT | |
| Title | Behind the burqa : |
| Remainder of title | our life in Afghanistan and how we escaped to freedom / |
| Statement of responsibility, etc. | by "Sulima" and "Hala" as told to Batya Swift Yasgur. |
| 260 ## - PUBLICATION, DISTRIBUTION, ETC. | |
| Place of publication, distribution, etc. | Hoboken, N.J. : |
| Name of publisher, distributor, etc. | John Wiley, |
| Date of publication, distribution, etc. | c2002. |
| 300 ## - PHYSICAL DESCRIPTION | |
| Extent | ix, 277 p. ; |
| Dimensions | 25 cm. |
| 520 1# - SUMMARY, ETC. | |
| Summary, etc. | "In Behind the Burqa, you'll meet two sisters whose thirst for freedom and independence led them to extraordinary acts of courage, defiance, and desperation. For fear of reprisal, "Sulima" and "Hala" cannot, even now, reveal their true identities. What they do reveal in remarkable detail is the private torment of women in Afghanistan and their decades-long public struggle for political rights, education, and equality.". |
| 520 8# - SUMMARY, ETC. | |
| Summary, etc. | "Hala, sixteen years younger than Sulima, describes a childhood plagued by the rise of the Mujihaddin and the unspeakable brutality of mobs intent on ridding Afghanistan of all Western influence. |
| 520 8# - SUMMARY, ETC. | |
| Summary, etc. | "Sulima paints a vivid portrait of growing up in a strict Muslim household. She tells the chilling story of how her own brothers betrayed her in the name of family honor - and she recounts the important role she played in the formation of Afghanistan's first women's rights and literacy movements in the 1970s. Sulima also relates the events that led to the stark choice she was forced to make between being sent to prison and leaving her country forever.". |
| 520 8# - SUMMARY, ETC. | |
| Summary, etc. | Through her eyes, we witness a midnight raid on her family's home, the poverty and starvation that beset the nation during its years of war and anarchy, the perils of running a clandestine school for girls under the Taliban regime, the terrors of being arrested and brutalized, and the dangers of fleeing Afghanistan. Just as shocking is the story of her arrival as an asylum-seeker in the United States - and her determination at the hands of immigration authorities."--BOOK JACKET. |
| 526 ## - STUDY PROGRAM INFORMATION NOTE | |
| Program name | 0 |
| Interest level | 0 |
| Reading level | 0 |
| Title point value | 958_104820000000000_YAS |
| 650 #0 - SUBJECT ADDED ENTRY--TOPICAL TERM | |
| Topical term or geographic name entry element | Women |
| Geographic subdivision | Afghanistan |
| General subdivision | Social conditions. |
| 9 (RLIN) | 22708 |
| 942 ## - ADDED ENTRY ELEMENTS (KOHA) | |
| Source of classification or shelving scheme | |
| Koha item type | Book |
| Withdrawn status | Lost status | Source of classification or shelving scheme | Damaged status | Not for loan | Permanent Location | Current Location | Date acquired | Total Checkouts | Full call number | Barcode | Date last seen | Date last checked out | Price effective from | Koha item type |
|---|---|---|---|---|---|---|---|---|---|---|---|---|---|---|
| Military College of Engineering (MCE) | Military College of Engineering (MCE) | 10/15/2014 | 4 | 958.10482 YAS | MCE-38270 | 03/25/2019 | 02/25/2019 | 03/14/2021 | Book |
